| 000 | 00656nam a2200217 a 4500 | ||
|---|---|---|---|
| 005 | 20240924070118.0 | ||
| 008 | 991125s1983 mx 000 0 spa u | ||
| 020 | _a9684690177 | ||
| 035 | _aUPN01000043046 | ||
| 049 | _aCG | ||
| 050 | 4 |
_aHQ504 _bE5.68b |
|
| 100 | 1 |
_aEngels, Friedrich, _d1820-1895 |
|
| 245 | 1 | 3 |
_aEl origen de la familia, la propiedad privada y del Estado / _cFederico Engels ; tr. Editorial Fundamentos. |
| 260 |
_aMéxico : _bNuevomar, _c1983. |
||
| 300 | _a223 p. | ||
| 440 | 0 |
_aTinta universal ; _v31 |
|
| 650 | 4 |
_aEstado _96019 |
|
| 650 | 4 |
_aFamilias _xHistoria _920778 |
|
| 650 | 4 |
_aSociedades primitivas _914809 |
|
| 905 | _aLibro | ||
| 999 |
_c43046 _d43046 |
||